Najczęściej nauczane języki w USA - Statystyki

Ogólne statystyki
  • Ten quiz został rozwiązany 28 razy
  • Średni wynik to 10 z 14
Statystyki odpowiedzi
Język % Poprawnych
Chiński
100%
Hiszpański
100%
Niemiecki
100%
Portugalski
100%
Francuski
96%
Włoski
96%
Arabski
91%
Japoński
87%
Rosyjski
83%
Starożytny grecki
70%
Łaciński
39%
Biblijny hebrajski
26%
Współczesny hebrajski
26%
Amerykański język migowy
0%
Nie znaleziono quizów pasujących do podanych kryteriów
Rozkład punktacji
Procent ludzi z każdym wynikiem
Percentyl według liczby udzielonych odpowiedzi
Twoja historia wyników
Nie rozwiązałeś tego quizu